书目信息 |
| 题名: |
诺贝尔物理学奖一百年
|
|
| 作者: | 郭奕玲 , 沈慧君 编著 | |
| 分册: | ||
| 出版信息: | 上海 上海科学普及出版社 2002.08 |
|
| 页数: | 434页 | |
| 开本: | 29cm | |
| 丛书名: | ||
| 单 册: | ||
| 中图分类: | O4-19 | |
| 科图分类: | ||
| 主题词: | 物理学--现状 , 物理学--概况 | |
| 电子资源: | ||
| ISBN: | 7-5427-2000-7 | |
| 000 | 00773nam0 2200229 45 | |
| 001 | 0354666962 | |
| 005 | 2003030915110668 | |
| 010 | @a7-5427-2000-7@dRMB 48.00 | |
| 100 | @a20030309d2002 km y0chiy0120 ea | |
| 101 | 0 | @achi |
| 102 | @aCN@b310000 | |
| 200 | 1 | @a诺贝尔物理学奖一百年@Anuo bei er wu li xue jiang yi bai nian@d=The Nobel Prize in Physics (A Centenary Volume)@f郭奕玲,沈慧君编著@Fguo yi ling,shen hui jun bian zhu |
| 210 | @a上海@c上海科学普及出版社@d2002.08 | |
| 215 | @a434页@d29cm | |
| 510 | @a=The Nobel Prize in Physics (A Centenary Volume) | |
| 606 | 0 | @a物理学@x现状 |
| 606 | 0 | @a物理学@x概况 |
| 690 | @aO4-19@v3 | |
| 701 | 0 | @a郭奕玲@Aguo yi ling@4编著 |
| 701 | 0 | @a沈慧君@Ashen hui jun@4编著 |
| 801 | 0 | @aCN@bPFT@c20030309 |
| 905 | @dO4-19@eG860 | |
| 诺贝尔物理学奖一百年=The Nobel Prize in Physics (A Centenary Volume)/郭奕玲,沈慧君编著.-上海:上海科学普及出版社,2002.08 |
| 434页;29cm |
| ←并列题名:=The Nobel Prize in Physics (A Centenary Volume) |
| ISBN 7-5427-2000-7:RMB 48.00 |
| ● |
| 相关链接 |
|
|
|
正题名:诺贝尔物理学奖一百年
索取号:O4-19/G860
 
预约/预借
| 序号 | 登录号 | 条形码 | 馆藏地/架位号 | 状态 | 备注 |
| 1 | 365085 | 203650851 | 自科库401/401自科库 55排5列2层/ [索取号:O4-19/G860] | 在馆 | |
| 2 | 365086 | 203650860 | 自科库401/401自科库 55排5列3层/ [索取号:O4-19/G860] | 在馆 | |
| 3 | 365087 | 203650879 | 自科库401/401自科库 55排5列3层/ [索取号:O4-19/G860] | 在馆 |